Open Data Biblioteca Nacional de Portugal


República Portuguesa: Ministério da Cultura
Biblioteca Nacional de Portugal

Catálogo da BNP: acesso por Identificadores Unívocos
Registos Bibliográficos associados ao registo de autoridade

Etiqueta de registo: 00000nkm 2200025 450
001 2268524
003 http://id.bnportugal.gov.pt/bib/catbnp/2268524
100 ## $a20260218d1986 m y0pory01030103ba
101 0# $apor
102 ## $aPT
200 1# $a1.º Torneio Plus, Centro de Ténis da Marinha, Guia, de 14 a 20 de julho$bVisual gráfico]$fL. Rodrigues
210 #9 $a[S.l.$cs.n.],$d1986$e[S.l.] :$gGráfica 2000 )
215 ## $a1 cartaz$ccolor.$d49x35 cm
317 ## $aColeção Madeira Luís
702 #1 $aRodrigues,$bL.$4410$3269250
710 02 $aTorneio Plus,$bCentro de Ténis da Marinha,$d1,$e1986$31996624
801 #0 $aPT$bBN$gRPC
966 ## $lBN$mICONOG$sCT. 14411 V.$x3
971 ## $cCaticonografia10$d20260218
972 ## $d20260310 $e2$vmferro$z0
995 ## $aPRR2026 $d20260218$iCaticonografia10

OpendataBNP@bnportugal.pt | Mais informação sobre acesso aos dados BNP